01552cam a2200277 i 450000100100000000500170001000800410002701000130006804000230008104300120010405000210011624501290013725000110026626001020027730000210037949000260040050400410042650504900046765000500095761000420100770000340104970000290108391000340111295201110114699900170125700001325420200929163157.0780309s1975 cr b f000 0 spa  a78339507 aDO-SdBNPcDLCdDLC anc-----00aHG5172b.I5 197503aLa Inversion extranjera en Centroamerica /c[Susana Bodenheimer ... et al.] ; seleccion, prologo y notas de Rafael Menjivar. a2. ed. aCiudad Universitaria Rodrigo Facio, Costa Rica :bEditorial Universitaria Centroamericana,c1975. a362 p. :b17 cm.0 aColeccion Integracion aIncludes bibliographical references.0 aBodenheimer, S. Jonas. El Mercomun y la ayuda norteamericana.--Bauer Paiz, A. El proceso de integracion economica centroamericana y el papel del capital norteamericano.--Tobis, D. La falacia de las inversiones norteamericanas en Centroamerica.--Torres-Rivas, E. Poder nacional y sociedad dependiente.--Gorostiaga, X. La inversion extranjera en Panama y su impacto en la estructura economica del pais.--Quintana Diaz, V. La inversion extranjera de algunas corporaciones transnacionales. 0aInvestments, foreignzCentral America.93044520aMercado Comun Centroamericano.9304461 aJonas, Susanne,d1941-9304471 aMenjivar, Rafael.930448 aCatalogación por copia / LC 001052708MOaGRbGRcCTd2009-11-20iLF1l0o p13254-10r2020-06-25w2020-06-25y2ZPréstamo interno c12885d12885